000 00458nam a2200145Ia 4500
008 100204s9999 xx 000 0 und d
082 _b1706
100 _aकोकडे आणि इतर
245 _aअभिनव भरतकला
260 _bश्रीलेखन वाचन भांडार
_c1957
300 _a98
630 _aअभिनव भरतकला
730 _aअभिनव भरतकला
942 _cBOOK
999 _c446861
_d446858